Gestin̤ y Administracin̤ del Conocimiento en la Investigacin̤ Multidisciplinaria

Detalles Bibliográficos
Formato: eBook
Lenguaje:español
Publicado: Veracruz: Universidad de Xalapa, 2017
Materias:
Acceso en línea:Acceso restringido

MARC

LEADER 00000nam a22000007a 4500
005 20180331214147.0
007 cr|||| ||||
008 180331s2017 mx |||||s|||| 00||0 spa d
020 |a 978-607-8156-58-0 
035 |a 21184 
040 |a vLex 
090 |c 7617  |d 7617 
245 0 0 |a Gestin̤ y Administracin̤ del Conocimiento en la Investigacin̤ Multidisciplinaria  |h [Recurso electrn̤ico] / 
256 |a Servicio en ln̕ea 
260 |a Veracruz:  |b Universidad de Xalapa,  |c 2017 
300 |a 1 recurso electrn̤ico (208 p.) 
506 1 |a Disponible solo en los productos indicados  |d vLex Global  |d vLex Global (Academic Edition, excluding Law Schools)  |d vLex Global (U.S. Academic Edition, Law Schools)  |d vLex Global (U.S. Academic Edition, excluding Law Schools)  |d vLex Global (Academic Edition, Law Schools) 
650 0 4 |a Ciencias sociales  |z Mx̌ico 
740 0 |a vLex Libros (Servicio en ln̕ea) 
856 4 0 |u http://vlex.com/source/gestion-administracion-conocimiento-investigacion-multidisciplinaria-21184  |z Acceso restringido 
942 |c BOOK 
999 0 |a Social Sciences